Normal view
MARC view
- López Soto, Vicente
Entry Nombre Personal
001 - NUMERO DE CONTROL
- campo de control: 45870
003 - IDENTIFICADOR DE NUMERO DE CONTROL
- campo de control: DLC
005 - FECHA Y HORA DE LA ÜLTIMA TRANSACCIÓN
- campo de control: 20230512102116.0
008 - DATOS DE LONGITUD FIJA
- campo de control de longitud fija: 230512n| acannaabn |a aaa c
010 ## - NÚMERO DE CONTROL DE LA BIBLIOTECA DEL CONGRESO
- Número de control LC: no2007091038
035 ## - NUMERO DE CONTROL
- Número de control: (OCoLC)oca07489038
040 ## - FUENTE DE CATALOGACIÓN
- Agencia original de catalogación: CtY
- Lenguaje de catalogación: spa
- Agencia de transcripción: CtY
- Agencia que lo modifica: FMFIU
- Agencia que lo modifica: MX-MxUPN
100 1# - ENCABEZAMIENTO - NOMBRE PERSONAL
- Nombre personal: López Soto, Vicente
400 1# - VEÁSE - NOMBRE DE PERSONA
- Personal name: Soto, Vicente López
670 ## - FUENTE EN LA QUE SE LOCALIZARON DATOS
- Cita de la fuente: Vida de los doce Césares, 2001:
- Información localizada: portada (Vicente López Soto)
902 ## - CATALOGADOR
- Catalogador: NDAF/120523
